Library of the University of Algiers 3
Ibrahim Sultan Cheibout
شعار جامعة الجزائر 3
مكتبة جامعة الجزائر 3
إبراهيم سلطان شيبوط

مدخل الى نظم المعلومات المحاسبية / (رقم التسجيلة. 42451)

تفاصيل مارك
000 -LEADER
fixed length control field 01760nam a2200241Ia 4500
003 - CONTROL NUMBER IDENTIFIER
control field Ost
005 - DATE AND TIME OF LATEST TRANSACTION
control field 20260507075035.0
008 - FIXED-LENGTH DATA ELEMENTS--GENERAL INFORMATION
fixed length control field 260507s9999||||xx |||||||||||||| ||und||
020 ## - INTERNATIONAL STANDARD BOOK NUMBER
International Standard Book Number 8735919977
040 ## - CATALOGING SOURCE
Transcribing agency fsecg
041 ## - LANGUAGE CODE
Language code of text/sound track or separate title ara
082 ## - DEWEY DECIMAL CLASSIFICATION NUMBER
Classification number 330
100 ## - MAIN ENTRY--PERSONAL NAME
Personal name ديبان، سيد عبد المقصود
Relator term مؤلف
245 #0 - TITLE STATEMENT
Title مدخل الى نظم المعلومات المحاسبية /
Statement of responsibility, etc. سيد عبد المقصود ديبان
260 ## - PUBLICATION, DISTRIBUTION, ETC.
Place of publication, distribution, etc. الإسكندرية:
Name of publisher, distributor, etc. دار الجامعة الجديدة,
Date of publication, distribution, etc. 2002
300 ## - PHYSICAL DESCRIPTION
Extent 431 صفحة؛
Other physical details إيضاحات ؛
Dimensions 24 سم
520 ## - SUMMARY, ETC.
Summary, etc. إطار نظام معلومات المحاسبية المالية- إطار نظام المعلومات المحاسبية الإدارية- المحاسبة ومفاهيم النظم- أدوات تحليل وتصميم النظم- تحليل التكلفة-المنفعة في تقسيم النظم- النظم التطبيقية لدورات العمليات المحاسبية- النظم الإنسانية لتشغيل المعلومات- تصميم النظام المحاسب المستخدم للحاسب- التعريف بقواعد البيانات- إستخدام قاعدة البيانات لأول مرة- الأوامر المتقدمة لقاعدة البيانات- برمجة قواعد البيانات- تطبيق على إستخدام الحاسب في المحاسبة المالية- أمن ووقاية المعلومات في ظل الأنظمة المستخدمة للحاسبات
653 ## - INDEX TERM--UNCONTROLLED
Uncontrolled term المحاسبة
653 ## - INDEX TERM--UNCONTROLLED
Uncontrolled term المحاسبة الإلكترونية
653 ## - INDEX TERM--UNCONTROLLED
Uncontrolled term نظم المعلومات -المحاسبة
700 ## - ADDED ENTRY--PERSONAL NAME
Personal name الفيومي، محمد محمد وآخرون
Relator term مؤلف ثانوي
942 ## - ADDED ENTRY ELEMENTS (KOHA)
Koha item type كتب
المقتنيات
Withdrawn status Lost status Source of classification or shelving scheme Damaged status Not for loan Home library Current library Date acquired Serial enumeration / chronology Inventory number Total checkouts Full call number Barcode Date last seen Price effective from Koha item type
    Dewey Decimal Classification   NOT LOAN / إعارة داخلية مكتبة كلية العلوم الإقتصادية والعلوم التجارية وعلوم التسيير مكتبة كلية العلوم الإقتصادية والعلوم التجارية وعلوم التسيير 07/05/2026 الطابق الأرضي 1/296   أ/296ن1 1/296 07/05/2026 07/05/2026 كتب
    Dewey Decimal Classification   Available مكتبة كلية العلوم الإقتصادية والعلوم التجارية وعلوم التسيير مكتبة كلية العلوم الإقتصادية والعلوم التجارية وعلوم التسيير 07/05/2026 الطابق الأرضي 2/296   أ/296ن2 2/296 07/05/2026 07/05/2026 كتب
    Dewey Decimal Classification   Available مكتبة كلية العلوم الإقتصادية والعلوم التجارية وعلوم التسيير مكتبة كلية العلوم الإقتصادية والعلوم التجارية وعلوم التسيير 07/05/2026 الطابق الأرضي 3/296   أ/296ن3 3/296 07/05/2026 07/05/2026 كتب
    Dewey Decimal Classification   Available مكتبة كلية العلوم الإقتصادية والعلوم التجارية وعلوم التسيير مكتبة كلية العلوم الإقتصادية والعلوم التجارية وعلوم التسيير 07/05/2026 الطابق الثاني 4/296   أ/296ن4 4/296 07/05/2026 07/05/2026 كتب

موارد الويب المفتوحة


© University of Algiers 3 All Rights Reserved
|
Implemented by LECHELAH Riad